000 00799nam a2200253 a 4500
001 BRL_1604
005 20190320211302.0
008 110414s1985----mx-ao#####---#000-0#spa-#
020 _a9688373788
041 _aspa
044 _amx
050 4 _aN6559.F46
_b.A43 1985
100 1 _aAlanis, Judith
_927416
245 1 0 _aGabriel Fernández Ledesma
_cJudith Alanís
260 _aMéxico
_bCoordinacion de Difusion Cultural, Escuela Nacional de Artes Plásticas
_c1985
300 _a224 p.
_bil., fotografías
_c28 cm.
440 0 _aSerie antológica monográfica
_927417
500 _aAu890
504 _aBibliografía: p. 207-212
600 1 4 _aFernández Ledesma, Gabriel
_d1900-1983
_xCrítica e interpretación
_927418
650 1 4 _aArte
_zMéxico
_927419
902 _aGRL
942 _2lcc
_cB
999 _c10413
_d10413